| 000 | 00912nas a2200289 4500 | ||
|---|---|---|---|
| 001 | BR0801327 | ||
| 003 | BR-BrBNA | ||
| 005 | 20231205111651.0 | ||
| 007 | ta | ||
| 008 | 230509b bl.|||p| |||| 00| 00por d | ||
| 040 |
_aBR-BrBNA _bpor _cBiblioteca Nacional de Agricultura |
||
| 041 | _a(En) | ||
| 072 | _aL60 | ||
| 100 | 1 | _aThatcher, V. E. | |
| 100 | 1 | _aLopes, L.P. | |
| 100 | 1 | _aFroehlich, O. | |
| 245 | 1 | _aRiggia acuticaudata sp. nov. (Isopoda, Cymothoidae)from the body cavity of a freshwater fish of Mato Grosso do Sul State, Brazil | |
| 650 | _aCRUSTÁCEO | ||
| 650 | _aTAXONOMIA ANIMAL | ||
| 650 | _aPARASITO | ||
| 650 | _aPEIXE | ||
| 650 | _aDISTRIBUIÇÃO GEOGRÁFICA | ||
| 650 | _aMATO GROSSO DO SUL | ||
| 773 | 0 |
_tRevista Brasileira de Zoologia (Brazil) _xISSN 01018175 _g(Dec 2002), v. 19(2) p. 195-201 _wBR0801327 |
|
| 909 |
_a202311 _bLúcia _c55 _dLúcia Elande |
||
| 942 |
_2AGRIS _n0 _cANA |
||
| 999 |
_c193844 _d193844 |
||